Echo : (رقم التسجيلة. 139812)
[ عرض عادي ]
| 000 -LEADER | |
|---|---|
| fixed length control field | 01228cam a2200325 a 4500 |
| 008 - FIXED-LENGTH DATA ELEMENTS--GENERAL INFORMATION | |
| fixed length control field | 150628s2008 fr b 000 0 fre |
| 020 ## - INTERNATIONAL STANDARD BOOK NUMBER | |
| International Standard Book Number | 2090354577 |
| 020 ## - INTERNATIONAL STANDARD BOOK NUMBER | |
| International Standard Book Number | 3125294800 |
| 020 ## - INTERNATIONAL STANDARD BOOK NUMBER | |
| International Standard Book Number | 9782090354577 |
| 020 ## - INTERNATIONAL STANDARD BOOK NUMBER | |
| International Standard Book Number | 9783125294806 |
| 040 ## - CATALOGING SOURCE | |
| Original cataloging agency | EG-GiCUC |
| Language of cataloging | fre |
| Transcribing agency | EG-GiCUC |
| 092 04 - LOCALLY ASSIGNED DEWEY CALL NUMBER (OCLC) | |
| Classification number | 448.007 |
| Item number | G519 |
| Edition number | 21 |
| 099 ## - LOCAL FREE-TEXT CALL NUMBER (OCLC) | |
| Classification number | 04 |
| -- | 448.007 G519 |
| 100 1# - MAIN ENTRY--PERSONAL NAME | |
| Personal name | Girardet, Jacky. |
| 245 10 - TITLE STATEMENT | |
| Title | Echo : |
| Remainder of title | methode de franca̧is; A1, A2 1 [Livre de l'e{u00B4}lev̀e] / |
| Statement of responsibility, etc. | Jacky Girardet; Jacques Pe{u00B4}cheur. |
| 260 ## - PUBLICATION, DISTRIBUTION, ETC. | |
| Place of publication, distribution, etc. | Paris : |
| Name of publisher, distributor, etc. | CLE International [Stuttgart] Klett Sprachen, |
| Date of publication, distribution, etc. | 2008. |
| 300 ## - PHYSICAL DESCRIPTION | |
| Extent | 2 v. (191 S. zahlr. Ill., Kt. 1 Beil. (23 S.); |
| Dimensions | 28 cm. |
| 500 ## - GENERAL NOTE | |
| General note | 2. Verl. (Klett Sprachen) und 2. ISBN aufgeklebt |
| 590 ## - LOCAL NOTE (RLIN) | |
| Local note | Library has v.1 only. |
| 650 #0 - SUBJECT ADDED ENTRY--TOPICAL TERM | |
| Topical term or geographic name entry element | French language |
| General subdivision | Acquisition. |
| 650 #0 - SUBJECT ADDED ENTRY--TOPICAL TERM | |
| Topical term or geographic name entry element | French language |
| General subdivision | Errors of usage. |
| 650 #0 - SUBJECT ADDED ENTRY--TOPICAL TERM | |
| Topical term or geographic name entry element | French language |
| General subdivision | Study and teaching (Higher) |
| -- | Foreign speakers. |
| 650 #0 - SUBJECT ADDED ENTRY--TOPICAL TERM | |
| Topical term or geographic name entry element | French language |
| General subdivision | Study and teaching (Higher) |
| -- | Manuals. |
| 700 1# - ADDED ENTRY--PERSONAL NAME | |
| Personal name | Pe{u00B4}cheur, Jacques. |
| 902 ## - LOCAL DATA ELEMENT B, LDB (RLIN) | |
| No. of Items | 1 |
| 905 ## - LOCAL DATA ELEMENT E, LDE (RLIN) | |
| Cataloger | Eman |
| Reviser | Rev. |
| 905 ## - LOCAL DATA ELEMENT E, LDE (RLIN) | |
| Cataloger | Jamal |
| Reviser | Cat. |
| 942 ## - ADDED ENTRY ELEMENTS (KOHA) | |
| Source of classification or shelving scheme | Dewey Decimal Classification |
| Koha item type | Books |
| Source of classification or shelving scheme | Not for loan | Home library | Current library | Date acquired | Full call number | Barcode | Date last seen | Copy number | Koha item type |
|---|---|---|---|---|---|---|---|---|---|
| Dewey Decimal Classification | المكتبة المركزبة الجديدة - جامعة القاهرة | قاعة الثقاقات الاجنبية - الدور الثالث | 11.02.2024 | 448.007 G519 v.1 Fre. | 01000110200112001 | 05.07.2024 | C.1 | Books |